[Event "Pardubice rapid op 35th"]
[Site "Pardubice"]
[Date "2024.07.18"]
[Round "4"]
[White "Tesar, Jan"]
[Black "Bouska, Jiri"]
[Result "0-1"]
[WhiteElo "1929"]
[BlackElo "2227"]
[PlyCount "78"]
[EventDate "2024.07.17"]
[EventType "swiss (rapid)"]
[EventRounds "9"]
[EventCountry "CZE"]
[SourceTitle "CBM 221 Extra"]
[Source "ChessBase"]
[SourceDate "2024.09.30"]
[SourceVersion "1"]
[SourceVersionDate "2024.09.30"]
[SourceQuality "1"]

1. d4 d5 2. Nf3 Nf6 3. g3 e6 4. Bg2 Be7 5. 0-0 0-0 6. c4 c6 7. Qc2 b6 8. Ne5 Bb7 9. Bf4 Nbd7 10. cxd5 Nxe5 11. dxe5 Nxd5 12. Rd1 Qc8 13. Nd2 c5 14. Ne4 Qc7 15. a3 Rad8 16. Rac1 Qb8 17. Rd2 Nxf4 18. gxf4 Rxd2 19. Qxd2 Rd8 20. Qe3 Qa8 21. h3 Rd4 22. f3 Qd8 23. Kh2 Rd1 24. Rxd1 Qxd1 25. Qd2 Qxd2 26. Nxd2 b5 27. e4 c4 28. Bf1 Bc5 29. Kg3 Bd4 30. a4 Bxb2 31. axb5 c3 32. Nb3 c2 33. Bc4 Kf8 34. h4 Ke7 35. h5 h6 36. Kg4 c1Q 37. Nxc1 Bxc1 38. f5 Bb2 39. f4 Bxe4 0-1

[Event "Pardubice rapid op 35th"]
[Site "Pardubice"]
[Date "2024.07.17"]
[Round "3"]
[White "Tesar, Jan"]
[Black "Dolensky, Milan"]
[Result "1-0"]
[WhiteElo "1929"]
[BlackElo "1983"]
[PlyCount "73"]
[EventDate "2024.07.17"]
[EventType "swiss (rapid)"]
[EventRounds "9"]
[EventCountry "CZE"]
[SourceTitle "CBM 221 Extra"]
[Source "ChessBase"]
[SourceDate "2024.09.30"]
[SourceVersion "1"]
[SourceVersionDate "2024.09.30"]
[SourceQuality "1"]

1. d4 Nf6 2. Bg5 c5 3. Nc3 Qa5 4. Bxf6 gxf6 5. d5 Bg7 6. e3 f5 7. Qd2 0-0 8. Bd3 d6 9. Nge2 e5 10. f3 a6 11. e4 fxe4 12. fxe4 Qc7 13. 0-0 c4 14. Bxc4 Qxc4 15. Rf3 Qc7 16. Ng3 Bg4 17. Rd3 Qe7 18. h3 Bc8 19. Rf1 Qh4 20. Qe2 b5 21. Nh5 f5 22. Rg3 Ra7 23. Qf2 Qxh5 24. Qxa7 Nd7 25. exf5 Qh6 26. Ne4 Kh8 27. Qc7 Qh4 28. Rg4 Qe7 29. f6 Bxf6 30. Nxf6 Rxf6 31. Qxc8+ Nf8 32. Rxf6 Qxf6 33. Rg3 e4 34. Qe8 h6 35. c3 Qf4 36. Rg4 Qf6 37. Qxe4 1-0

[Event "Svetla nad Sazavou Mares Memorial"]
[Site "Svetla nad Sazavou"]
[Date "2023.12.29"]
[Round "8"]
[White "Fisar, Josef"]
[Black "Tesar, Jan"]
[Result "1-0"]
[WhiteElo "2052"]
[BlackElo "1821"]
[PlyCount "97"]
[EventDate "2023.12.29"]
[EventType "swiss"]
[EventRounds "9"]
[EventCountry "CZE"]
[SourceTitle "CBM 218 Extra"]
[Source "ChessBase"]
[SourceDate "2024.03.31"]
[SourceVersion "1"]
[SourceVersionDate "2024.03.31"]
[SourceQuality "1"]

1. Nf3 d5 2. g3 Nf6 3. Bg2 Bf5 4. d3 e6 5. 0-0 Be7 6. h3 h6 7. b3 0-0 8. Bb2 Nbd7 9. Nbd2 c5 10. Qe1 Qc7 11. e4 dxe4 12. dxe4 Bg6 13. c4 Rfd8 14. Bc3 Nf8 15. Qe3 Rd7 16. Ne5 Rdd8 17. Nxg6 Nxg6 18. f4 e5 19. f5 Nf8 20. Rfd1 Qd7 21. Bxe5 Qd3 22. Qxd3 Rxd3 23. Nf1 Rad8 24. Rxd3 Rxd3 25. Kf2 N8d7 26. Bf4 Nh5 27. e5 Bg5 28. Bxg5 hxg5 29. e6 fxe6 30. fxe6 Ndf6 31. Bxb7 Kf8 32. Re1 Ke7 33. Re5 Rc3 34. Rxc5 Rc2+ 35. Kf3 Rc3+ 36. Kf2 Rc2+ 37. Ke3 Rxa2 38. Bd5 Rb2 39. Rc7+ Kd6 40. Rb7 Nxd5+ 41. cxd5 Nf6 42. Rxg7 Nxd5+ 43. Kd4 Rf2 44. Ne3 Rd2+ 45. Ke4 Nf6+ 46. Kf3 Kxe6 47. Rxg5 Rd3 48. Rb5 Nh5 49. Rxh5 1-0

[Event "Svetla nad Sazavou Mares Memorial"]
[Site "Svetla nad Sazavou"]
[Date "2023.12.29"]
[Round "9"]
[White "Tesar, Jan"]
[Black "Silhavy, Miroslav"]
[Result "1-0"]
[WhiteElo "1821"]
[BlackElo "1711"]
[PlyCount "43"]
[EventDate "2023.12.29"]
[EventType "swiss"]
[EventRounds "9"]
[EventCountry "CZE"]
[SourceTitle "CBM 218 Extra"]
[Source "ChessBase"]
[SourceDate "2024.03.31"]
[SourceVersion "1"]
[SourceVersionDate "2024.03.31"]
[SourceQuality "1"]

1. d4 d5 2. Nf3 Nf6 3. g3 g6 4. Bg2 Bg7 5. 0-0 0-0 6. c4 e6 7. Nc3 c6 8. Ne5 Nbd7 9. Bg5 Qc7 10. Bf4 Nxe5 11. Bxe5 Qd8 12. c5 Ne8 13. Bxg7 Nxg7 14. e4 dxe4 15. Bxe4 Nf5 16. Bxf5 exf5 17. d5 cxd5 18. Qxd5 Qf6 19. Rad1 Be6 20. Qxb7 Rab8 21. Qxa7 Rxb2 22. Nd5 1-0

[Event "Brno op 12th"]
[Site "Brno"]
[Date "2023.11.16"]
[Round "7"]
[White "Sliwerski, Radoslaw"]
[Black "Tesar, Jan"]
[Result "1-0"]
[WhiteElo "2017"]
[BlackElo "1912"]
[PlyCount "45"]
[EventDate "2023.11.11"]
[EventType "swiss"]
[EventRounds "9"]
[EventCountry "CZE"]
[SourceTitle "CBM 217 Extra"]
[Source "ChessBase"]
[SourceDate "2024.01.31"]
[SourceVersion "1"]
[SourceVersionDate "2024.01.31"]
[SourceQuality "1"]

1. d4 d5 2. c4 e5 3. dxe5 d4 4. Nf3 Nc6 5. g3 Nge7 6. Bg2 Ng6 7. Bg5 Qd7 8. 0-0 Ngxe5 9. Nxe5 Nxe5 10. b3 h6 11. Bc1 Be7 12. Bb2 Bf6 13. Nd2 0-0 14. Ne4 c5 15. Nxc5 Qe7 16. Ne4 Rd8 17. Qd2 Bg4 18. Nxf6+ Qxf6 19. Bxb7 d3 20. Bxe5 dxe2 21. Qxe2 Bxe2 22. Bxf6 Bxf1 23. Bxd8 1-0

[Event "Hradec Kralove op 11th"]
[Site "Hradec Kralove"]
[Date "2022.11.12"]
[Round "9"]
[White "Mannion, Stephen R"]
[Black "Tesar, Jan"]
[Result "1-0"]
[WhiteElo "2227"]
[BlackElo "1977"]
[PlyCount "43"]
[EventDate "2022.11.05"]
[EventType "swiss"]
[EventRounds "9"]
[EventCountry "CZE"]
[SourceTitle "CBM 211 Extra"]
[Source "ChessBase"]
[SourceDate "2023.01.31"]
[SourceVersion "1"]
[SourceVersionDate "2023.01.31"]
[SourceQuality "1"]

1. e4 c5 2. Nf3 e6 3. d4 cxd4 4. Nxd4 a6 5. Bd3 Qc7 6. 0-0 Nf6 7. Qe2 d6 8. c4 Be7 9. Nc3 0-0 10. Kh1 Nc6 11. Nxc6 bxc6 12. f4 Bb7 13. b3 Rfe8 14. Bb2 d5 15. e5 Nd7 16. cxd5 exd5 17. Qc2 c5 18. Bxh7+ Kh8 19. Rf3 g6 20. Bxg6 d4 21. Rh3+ Kg8 22. Bxf7+ 1-0

[Event "Hradec Kralove op 11th"]
[Site "Hradec Kralove"]
[Date "2022.11.11"]
[Round "8"]
[White "Tesar, Jan"]
[Black "Jirasek, Pavel"]
[Result "0-1"]
[WhiteElo "1977"]
[BlackElo "2291"]
[PlyCount "106"]
[EventDate "2022.11.05"]
[EventType "swiss"]
[EventRounds "9"]
[EventCountry "CZE"]
[SourceTitle "CBM 211 Extra"]
[Source "ChessBase"]
[SourceDate "2023.01.31"]
[SourceVersion "1"]
[SourceVersionDate "2023.01.31"]
[SourceQuality "1"]

1. d4 Nf6 2. Nf3 e6 3. e3 b6 4. Bd3 Bb7 5. 0-0 c5 6. b3 Be7 7. Bb2 0-0 8. Nbd2 d6 9. Qe2 Nbd7 10. Rad1 Rc8 11. c4 cxd4 12. exd4 Re8 13. Ng5 h6 14. Nge4 d5 15. Ng3 Qc7 16. Nf3 Bf8 17. Ne5 dxc4 18. bxc4 Nxe5 19. dxe5 Nd7 20. f4 Nc5 21. Bb1 Rcd8 22. Qc2 g6 23. h4 Rxd1 24. Rxd1 Bc6 25. Rf1 Qd8 26. Nh5 Bg7 27. Nf6+ Bxf6 28. exf6 Be4 29. Qe2 Bf5 30. h5 Bxb1 31. Rxb1 Qd3 32. Qxd3 Nxd3 33. hxg6 fxg6 34. Be5 Kf7 35. Rd1 Rd8 36. g3 Rd7 37. Ra1 Nc5 38. g4 Ne4 39. Rf1 Rd2 40. Rf3 Rxa2 41. g5 hxg5 42. fxg5 Nxg5 43. Rd3 Ke8 44. Bc3 Ra3 45. Re3 Kd7 46. Rd3+ Ke8 47. Re3 Ra4 48. c5 bxc5 49. Kf1 Rf4+ 50. Ke2 Re4 51. Kd3 Rxe3+ 52. Kxe3 Kf7 53. Kf4 Nh7 0-1

[Event "Pardubice rapid op 33rd"]
[Site "Pardubice"]
[Date "2022.07.21"]
[Round "8"]
[White "Tesar, Jan"]
[Black "Sosnik, Sebastian"]
[Result "0-1"]
[WhiteElo "1975"]
[BlackElo "2255"]
[PlyCount "54"]
[EventDate "2022.07.20"]
[EventType "swiss (rapid)"]
[EventRounds "9"]
[EventCountry "CZE"]
[SourceTitle "CBM 209 Extra"]
[Source "ChessBase"]
[SourceDate "2022.09.30"]
[SourceVersion "1"]
[SourceVersionDate "2022.09.30"]
[SourceQuality "1"]

1. d4 Nf6 2. Nf3 c5 3. e3 g6 4. b3 Bg7 5. Bd3 0-0 6. 0-0 b6 7. Bb2 Bb7 8. Nbd2 Nc6 9. a3 Rc8 10. Qe2 Rc7 11. Rad1 Qa8 12. c4 cxd4 13. exd4 d5 14. Ne5 Nxe5 15. dxe5 Ne4 16. f3 Nc5 17. Bc2 Rd8 18. b4 Ne6 19. f4 dxc4 20. Nxc4 Rdc8 21. Bb3 Bh6 22. f5 Nf4 23. Rxf4 Bxf4 24. e6 f6 25. Qg4 Rxc4 26. Bxc4 Rxc4 27. Bd4 Be3+ 0-1

[Event "Pardubice rapid op 33rd"]
[Site "Pardubice"]
[Date "2022.07.20"]
[Round "3"]
[White "Sir, Zbynek"]
[Black "Tesar, Jan"]
[Result "1-0"]
[WhiteElo "2199"]
[BlackElo "1975"]
[PlyCount "57"]
[EventDate "2022.07.20"]
[EventType "swiss (rapid)"]
[EventRounds "9"]
[EventCountry "CZE"]
[SourceTitle "CBM 209 Extra"]
[Source "ChessBase"]
[SourceDate "2022.09.30"]
[SourceVersion "1"]
[SourceVersionDate "2022.09.30"]
[SourceQuality "1"]

1. e4 c5 2. Nf3 e6 3. d4 cxd4 4. Nxd4 a6 5. Bd3 Qc7 6. 0-0 Nf6 7. c3 d6 8. Kh1 Be7 9. f4 0-0 10. Nd2 Nbd7 11. Qe1 b6 12. Bc2 Bb7 13. N2f3 Rfe8 14. e5 Nd5 15. Qg3 Nf8 16. Bd2 Rac8 17. Rae1 b5 18. a3 Red8 19. Qh3 Qd7 20. f5 dxe5 21. fxe6 Qd6 22. Nxe5 f6 23. Nf7 Qb6 24. Nxd8 Rxd8 25. Qg4 g6 26. Bh6 Qc7 27. Bb3 Kh8 28. Nf5 gxf5 29. Qg7# 1-0

[Event "Pardubice op rapid 32nd"]
[Site "Pardubice"]
[Date "2021.07.22"]
[Round "8"]
[White "Moskvin, Anatoly"]
[Black "Tesar, Jan"]
[Result "1-0"]
[WhiteElo "2148"]
[BlackElo "1980"]
[PlyCount "63"]
[EventDate "2021.07.21"]
[EventType "swiss (rapid)"]
[EventRounds "9"]
[EventCountry "CZE"]
[SourceTitle "CBM 203 Extra"]
[Source "ChessBase"]
[SourceDate "2021.09.30"]
[SourceVersion "1"]
[SourceVersionDate "2021.09.30"]
[SourceQuality "1"]

1. e4 c5 2. Nf3 e6 3. d3 d6 4. g3 Nf6 5. Bg2 Be7 6. 0-0 0-0 7. c3 Nbd7 8. Re1 Qc7 9. d4 Rb8 10. e5 dxe5 11. dxe5 Nd5 12. c4 N5b6 13. Qe2 Rd8 14. Nc3 a6 15. h4 Nf8 16. h5 Bd7 17. b3 Bc6 18. Bf4 Rd7 19. Ne4 Bxe4 20. Qxe4 Rbd8 21. Be3 Nc8 22. Qg4 f5 23. exf6 Bxf6 24. Rab1 Ne7 25. Bf4 Qa5 26. Bg5 Bc3 27. Rxe6 Nxe6 28. Qxe6+ Kf8 29. Bh4 h6 30. Re1 Bxe1 31. Ne5 Bxf2+ 32. Kh2 1-0

[Event "Pardubice op rapid 32nd"]
[Site "Pardubice"]
[Date "2021.07.21"]
[Round "2"]
[White "Sorm, Daniel"]
[Black "Tesar, Jan"]
[Result "1/2-1/2"]
[WhiteElo "2349"]
[BlackElo "1980"]
[PlyCount "50"]
[EventDate "2021.07.21"]
[EventType "swiss (rapid)"]
[EventRounds "9"]
[EventCountry "CZE"]
[SourceTitle "CBM 203 Extra"]
[Source "ChessBase"]
[SourceDate "2021.09.30"]
[SourceVersion "1"]
[SourceVersionDate "2021.09.30"]
[SourceQuality "1"]

1. d4 d5 2. c4 e5 3. dxe5 d4 4. Nf3 Nc6 5. a3 Nge7 6. b4 Ng6 7. Bb2 Ncxe5 8. Bxd4 Nxc4 9. e3 Nd6 10. Nbd2 Nf5 11. Bc3 Be6 12. Be2 Bd6 13. Nc4 Bxc4 14. Bxc4 0-0 15. 0-0 Qe7 16. Qd5 Nxe3 17. Qd4 Nf5 18. Qg4 Nfh4 19. Ng5 h6 20. Nxf7 Rxf7 21. Rae1 Qg5 22. Bxf7+ Kxf7 23. Qd7+ Ne7 24. Qe6+ Kf8 25. Qe4 Qf4 1/2-1/2

[Event "WchT Seniors 50"]
[Site "Prague"]
[Date "2020.03.09"]
[Round "4.12"]
[White "Tesar, Jan"]
[Black "Ernst, Michael"]
[Result "1/2-1/2"]
[WhiteElo "2008"]
[BlackElo "2155"]
[PlyCount "56"]
[EventDate "2020.03.06"]
[EventType "team-swiss"]
[EventRounds "7"]
[EventCountry "CZE"]
[SourceTitle "CBM 195 Extra"]
[Source "ChessBase"]
[SourceDate "2020.05.31"]
[SourceVersion "1"]
[SourceVersionDate "2020.05.31"]
[SourceQuality "1"]
[WhiteTeam "Czech Republic 50 VIII"]
[BlackTeam "Austria 50"]
[WhiteTeamCountry "CZE"]
[BlackTeamCountry "AUT"]

1. d4 d5 2. Nf3 Bf5 3. g3 Nf6 4. Bg2 h6 5. 0-0 e6 6. c4 c6 7. b3 Nbd7 8. Bb2 Be7 9. Nbd2 0-0 10. Ne5 a5 11. a3 Ne4 12. Nxe4 Bxe4 13. Bxe4 dxe4 14. Nxd7 Qxd7 15. Qc2 f5 16. Rad1 Bf6 17. e3 Rfd8 18. Rd2 Qe7 19. Rfd1 Kh8 20. Bc3 Qxa3 21. Ra1 Qe7 22. Bxa5 b6 23. Bc3 Rxa1+ 24. Bxa1 Rd7 25. Bc3 Qd8 26. Qd1 Kh7 27. Qa1 Kg8 28. Ra2 Qc7 1/2-1/2

[Event "WchT Seniors 50"]
[Site "Prague"]
[Date "2020.03.06"]
[Round "1.5"]
[White "Motuz, Karol"]
[Black "Tesar, Jan"]
[Result "1-0"]
[WhiteElo "2368"]
[BlackElo "2008"]
[PlyCount "107"]
[EventDate "2020.03.06"]
[EventType "team-swiss"]
[EventRounds "7"]
[EventCountry "CZE"]
[SourceTitle "CBM 195 Extra"]
[Source "ChessBase"]
[SourceDate "2020.05.31"]
[SourceVersion "1"]
[SourceVersionDate "2020.05.31"]
[SourceQuality "1"]
[WhiteTeam "Slovakia 50"]
[BlackTeam "Czech Republic 50 VIII"]
[WhiteTeamCountry "SVK"]
[BlackTeamCountry "CZE"]

1. d4 d5 2. c4 e5 3. dxe5 d4 4. Nf3 Nc6 5. Nbd2 Nge7 6. Nb3 Nf5 7. e4 dxe3 8. Qxd8+ Nxd8 9. fxe3 Be7 10. Bd3 0-0 11. 0-0 Nh4 12. Bd2 Nc6 13. Rad1 Nxf3+ 14. gxf3 Bh3 15. Rf2 Bh4 16. Bc3 Bxf2+ 17. Kxf2 Rfd8 18. Rd2 a5 19. a3 g6 20. Nc5 Bc8 21. Ne4 Kf8 22. Nf6 h6 23. Nd5 Rd7 24. e4 Nd8 25. f4 Ne6 26. Ke3 Nc5 27. Bc2 b6 28. b3 Rb8 29. Rg2 c6 30. Nf6 Rd8 31. f5 g5 32. h4 gxh4 33. Rg8+ Ke7 34. Rg7 Rh8 35. Kf3 Kf8 36. Rg1 h3 37. Rh1 Ke7 38. Rxh3 Nd7 39. Nh5 Rf8 40. Nf4 a4 41. b4 Bb7 42. e6 fxe6 43. Ng6+ Kd6 44. Nxf8 Rxf8 45. Rxh6 Ne5+ 46. Bxe5+ Kxe5 47. Rxe6+ Kd4 48. Kf4 Kxc4 49. Bxa4 b5 50. Bd1 Rd8 51. Bh5 Rh8 52. Kg5 Kb3 53. f6 Rg8+ 54. Bg6 1-0

[Event "Brno op 9th"]
[Site "Brno"]
[Date "2019.11.08"]
[Round "6"]
[White "Musienko, Olexiy"]
[Black "Tesar, Jan"]
[Result "1/2-1/2"]
[WhiteElo "1810"]
[BlackElo "2029"]
[PlyCount "64"]
[EventDate "2019.11.03"]
[EventType "swiss"]
[EventRounds "7"]
[EventCountry "CZE"]
[SourceTitle "CBM 193 Extra"]
[Source "ChessBase"]
[SourceDate "2020.01.31"]
[SourceVersion "1"]
[SourceVersionDate "2020.01.31"]
[SourceQuality "1"]

1. e4 c5 2. Nf3 a6 3. c4 e6 4. Nc3 d6 5. d4 cxd4 6. Nxd4 Nf6 7. Be3 Be7 8. Be2 0-0 9. 0-0 Qc7 10. Rc1 Nbd7 11. f4 b6 12. Bf3 Bb7 13. Qe2 Rfe8 14. Rfd1 Rac8 15. b3 Qb8 16. Qd3 Nc5 17. Qb1 Bf8 18. Bf2 g6 19. Bg3 Bh6 20. e5 dxe5 21. fxe5 Bxf3 22. Nxf3 Nh5 23. Bh4 Be3+ 24. Kh1 h6 25. Rc2 g5 26. Re2 Bf4 27. g4 Qb7 28. Kg2 Ng7 29. Bf2 Red8 30. Rxd8+ Rxd8 31. Bxc5 bxc5 32. Ne4 Ne8 1/2-1/2

[Event "Pardubice op rapid 30th"]
[Site "Pardubice"]
[Date "2019.07.18"]
[Round "6"]
[White "Tesar, Jan"]
[Black "Krouzel, Jaroslav"]
[Result "1/2-1/2"]
[WhiteElo "2034"]
[BlackElo "2117"]
[PlyCount "50"]
[EventDate "2019.07.17"]
[EventType "swiss (rapid)"]
[EventRounds "9"]
[EventCountry "CZE"]
[SourceTitle "CBM 191 Extra"]
[Source "ChessBase"]
[SourceDate "2019.09.30"]
[SourceVersion "1"]
[SourceVersionDate "2019.09.30"]
[SourceQuality "1"]

1. c4 f5 2. g3 Nf6 3. Bg2 e5 4. Nc3 d6 5. d3 Nc6 6. Nf3 Be7 7. 0-0 0-0 8. Rb1 Qe8 9. b4 Qh5 10. e3 f4 11. b5 Nd8 12. exf4 Bg4 13. Qe2 Nf7 14. Ne4 Rae8 15. Qe3 exf4 16. Qxf4 Nxe4 17. Qxe4 Bf5 18. Qe2 Bg5 19. Qc2 Bf6 20. Bb2 Bxb2 21. Rxb2 Bg4 22. Nd4 Qe5 23. Nf3 Qh5 24. Nd4 Qe5 25. Nf3 Qh5 1/2-1/2

[Event "Pardubice op rapid 30th"]
[Site "Pardubice"]
[Date "2019.07.17"]
[Round "3"]
[White "Berdnyk, Mariia"]
[Black "Tesar, Jan"]
[Result "1-0"]
[WhiteElo "2247"]
[BlackElo "2034"]
[PlyCount "93"]
[EventDate "2019.07.17"]
[EventType "swiss (rapid)"]
[EventRounds "9"]
[EventCountry "CZE"]
[SourceTitle "CBM 191 Extra"]
[Source "ChessBase"]
[SourceDate "2019.09.30"]
[SourceVersion "1"]
[SourceVersionDate "2019.09.30"]
[SourceQuality "1"]

1. c4 Nc6 2. Nc3 e5 3. g3 Nf6 4. Bg2 Bc5 5. d3 0-0 6. Nf3 d6 7. 0-0 h6 8. a3 a5 9. Nd5 Nxd5 10. cxd5 Ne7 11. d4 exd4 12. Nxd4 Nf5 13. Nb3 Bb6 14. e4 a4 15. exf5 axb3 16. Be4 Qf6 17. g4 Re8 18. Bb1 Qh4 19. Kg2 Bd7 20. h3 Bb5 21. Bd3 Bxd3 22. Qxd3 h5 23. g5 Re1 24. Be3 Rxa1 25. Rxa1 Re8 26. Re1 Bxe3 27. Rxe3 Qxg5+ 28. Rg3 Qf6 29. Qxb3 b6 30. Qc3 Qe5 31. f6 g6 32. Qxe5 Rxe5 33. Rc3 Rxd5 34. Rxc7 Rf5 35. Rc6 Rb5 36. b4 d5 37. Kf3 g5 38. Ke3 Kh7 39. Kd4 g4 40. hxg4 h4 41. f4 Kg6 42. Rc3 Kxf6 43. Rh3 Kg6 44. Rxh4 f6 45. Rh3 Kg7 46. Rb3 Kg6 47. a4 1-0

[Event "CZE-chT2D 1819"]
[Site "Czech Republic"]
[Date "2019.02.10"]
[Round "8.3"]
[White "Tesar, Jan"]
[Black "Kastner, Oldrich"]
[Result "1/2-1/2"]
[WhiteElo "2033"]
[BlackElo "2034"]
[PlyCount "46"]
[EventDate "2018.10.14"]
[EventType "team-tourn"]
[EventRounds "11"]
[EventCountry "CZE"]
[SourceTitle "EXT 2022"]
[Source "ChessBase"]
[SourceDate "2021.10.06"]
[SourceVersion "1"]
[SourceVersionDate "2021.10.06"]
[SourceQuality "1"]
[WhiteTeam "Dalesice Pivovar"]
[BlackTeam "Policka Stefanydes"]
[WhiteTeamCountry "CZE"]
[BlackTeamCountry "CZE"]

1. c4 c5 2. Nc3 Nc6 3. g3 b6 4. Bg2 Bb7 5. e4 e5 6. Nge2 g6 7. 0-0 Bh6 8. f4 d6 9. Nd5 Nce7 10. d3 Nxd5 11. cxd5 Bc8 12. b4 f6 13. h3 Bg7 14. bxc5 bxc5 15. Rb1 Nh6 16. fxe5 fxe5 17. Qa4+ Qd7 18. Qxd7+ Kxd7 19. Bg5 Ba6 20. Bf3 Rhf8 21. Rb3 Kc7 22. Kg2 Ng8 23. Bd2 Nf6 1/2-1/2

[Event "Prague op-A 18th"]
[Site "Prague"]
[Date "2019.01.11"]
[Round "1"]
[White "Tesar, Jan"]
[Black "Spiess, Gunter"]
[Result "0-1"]
[WhiteElo "2043"]
[BlackElo "2414"]
[PlyCount "64"]
[EventDate "2019.01.11"]
[EventType "swiss"]
[EventRounds "9"]
[EventCountry "CZE"]
[SourceTitle "CBM 188 Extra"]
[Source "ChessBase"]
[SourceDate "2019.02.28"]
[SourceVersion "1"]
[SourceVersionDate "2019.02.28"]
[SourceQuality "1"]

1. c4 e6 2. e4 d5 3. exd5 exd5 4. d4 Nf6 5. Nf3 Bb4+ 6. Nc3 0-0 7. Be2 h6 8. 0-0 Nc6 9. h3 Be6 10. c5 Bxc3 11. bxc3 Ne4 12. Qb3 Na5 13. Qa3 b6 14. Nd2 Qd7 15. Nxe4 dxe4 16. Bf4 g5 17. Bh2 f5 18. f3 Nc4 19. Qa6 Ne3 20. Rf2 Nd5 21. fxe4 fxe4 22. Rxf8+ Rxf8 23. Qxa7 Nxc3 24. Ba6 Qxd4+ 25. Kh1 Nb5 26. Bxb5 Qxa1+ 27. Bg1 Qe5 28. a4 e3 29. cxb6 cxb6 30. Be2 Bd5 31. Qxb6 Qe4 32. Bf3 Rxf3 0-1

[Event "Brno op 8th"]
[Site "Brno"]
[Date "2018.11.15"]
[Round "7"]
[White "Tesar, Jan"]
[Black "Slabicki, Andrzej"]
[Result "0-1"]
[WhiteElo "2041"]
[BlackElo "1898"]
[PlyCount "126"]
[EventDate "2018.11.10"]
[EventType "swiss"]
[EventRounds "9"]
[EventCountry "CZE"]
[SourceTitle "CBM 187 Extra"]
[Source "ChessBase"]
[SourceDate "2018.11.04"]
[SourceVersion "1"]
[SourceVersionDate "2018.11.04"]
[SourceQuality "1"]

1. c4 e6 2. Nc3 Nf6 3. d4 d5 4. cxd5 exd5 5. Bg5 c6 6. e3 h6 7. Bh4 Qb6 8. Qc1 Ne4 9. f3 Nxc3 10. bxc3 Bf5 11. g4 Bg6 12. Ne2 Bd6 13. Bg2 0-0 14. 0-0 Re8 15. Bf2 Qc7 16. Ng3 Nd7 17. Qd2 Nb6 18. f4 Nc4 19. Qc1 Ba3 20. Qd1 Bb2 21. f5 Bxa1 22. Qxa1 Bh7 23. Qc1 Qa5 24. e4 dxe4 25. Nxe4 Qxa2 26. Qf4 Qa5 27. Bh4 Rac8 28. Nf6+ Kh8 29. Nxe8 Rxe8 30. Re1 Rxe1+ 31. Bxe1 Qa1 32. Qe4 f6 33. h4 Qc1 34. d5 cxd5 35. Qe8+ Bg8 36. Bxd5 Qe3+ 37. Qxe3 Nxe3 38. Bxb7 Nxg4 39. Ba6 Ne3 40. Bd3 Bc4 41. Be4 a5 42. Bd2 Nf1 43. Bc1 Ng3 44. Bf3 Nxf5 45. h5 Nd6 46. Kf2 Nb5 47. Ke3 a4 48. Bc6 a3 49. Bxb5 a2 50. Bb2 Bxb5 51. Kd4 Be8 52. c4 Bxh5 53. Kc3 Bf7 54. Kb3 h5 55. Kxa2 Bxc4+ 56. Kb1 h4 57. Bd4 Kh7 58. Kc2 Kg6 59. Kd2 Kf5 60. Ke3 g5 61. Kf2 g4 62. Bb6 g3+ 63. Kg2 Kg4 0-1

[Event "Brno op 8th"]
[Site "Brno"]
[Date "2018.11.13"]
[Round "4"]
[White "Tikovsky, Alexander"]
[Black "Tesar, Jan"]
[Result "1/2-1/2"]
[WhiteElo "2173"]
[BlackElo "2041"]
[PlyCount "68"]
[EventDate "2018.11.10"]
[EventType "swiss"]
[EventRounds "9"]
[EventCountry "CZE"]
[SourceTitle "CBM 187 Extra"]
[Source "ChessBase"]
[SourceDate "2018.11.04"]
[SourceVersion "1"]
[SourceVersionDate "2018.11.04"]
[SourceQuality "1"]

1. d4 d5 2. Bf4 Nf6 3. e3 e6 4. Nf3 Bd6 5. Bg3 0-0 6. Nbd2 b6 7. Bd3 Ba6 8. Bxa6 Nxa6 9. Qe2 Nb4 10. 0-0 Bxg3 11. hxg3 Nc6 12. c3 Re8 13. Rfd1 h6 14. a4 Qe7 15. e4 e5 16. dxe5 Nxe4 17. Nxe4 dxe4 18. Qxe4 Nxe5 19. a5 Nxf3+ 20. Qxf3 Rad8 21. a6 Rxd1+ 22. Rxd1 Qe2 23. Qxe2 Rxe2 24. Rd7 Re1+ 25. Kh2 Ra1 26. Rxc7 Rxa6 27. g4 Ra2 28. b4 a5 29. Rb7 axb4 30. cxb4 Rxf2 31. Rxb6 Kf8 32. Rb7 Ke8 33. b5 Kd8 34. Rb8+ Ke7 1/2-1/2

[Event "Trebic Highlands op 12th"]
[Site "Trebic"]
[Date "2018.09.28"]
[Round "7"]
[White "Tesar, Jan"]
[Black "Bartos, Jan"]
[Result "1/2-1/2"]
[WhiteElo "2033"]
[BlackElo "2216"]
[PlyCount "23"]
[EventDate "2018.09.22"]
[EventType "swiss"]
[EventRounds "9"]
[EventCountry "CZE"]
[SourceTitle "CBM 186 Extra"]
[Source "ChessBase"]
[SourceDate "2018.08.24"]
[SourceVersion "1"]
[SourceVersionDate "2018.08.24"]
[SourceQuality "1"]

1. c4 Nf6 2. Nc3 c5 3. g3 e6 4. Bg2 d5 5. e3 d4 6. exd4 cxd4 7. Ne4 Nxe4 8. Bxe4 Nd7 9. d3 Bb4+ 10. Bd2 Bxd2+ 11. Qxd2 0-0 12. Ne2 1/2-1/2